004220000a220012100045001000024000002450042000243000058000667000022001247730039001469420008001859520090001939990017002831 aLongacre, Robert E.10aSoteriology and eschatology in Romans aVol. 41, Num. 3 (Septiembre, 1998), Páginas 367-3821 aWallis, Wilber B.0 tJournal of the Theological Society cANA 001040708HEMaFUSBCbFUSBCd2016-01-26l0o r2016-01-26 00:00:00w2016-01-26yANA c54584d54584